| 000 | 00511nam a2200205Ia 4500 | ||
|---|---|---|---|
| 003 | OSt | ||
| 005 | 20140311163113.0 | ||
| 008 | 140130s9999 xx 000 0 und d | ||
| 020 | _a0590003305 | ||
| 050 |
_aPZ 7 _b.N964Ch 1998 |
||
| 100 |
_aNumeroff, Laura _931306 |
||
| 245 |
_aThe chicken sister / _cNumeroff, Laura |
||
| 260 |
_bScholastic, _c1998. _aNew York : |
||
| 300 |
_a25 p. : _bcol. ill. ; _c20 cm. |
||
| 440 |
_v1 _931174 |
||
| 521 | _aG3 | ||
| 526 | _c560 | ||
| 942 |
_cBK _2lcc |
||
| 999 |
_c40645 _d40645 |
||